Especies de pingüinos - Estadísticas

Estadísticas generales
  • Esta prueba ha sido intentada 24 veces
  • La puntuación promedio es 8 de 18
Estadísticas de respuestas
Género Especie Nombre % Correcto
Aptenodytes Forsteri Pingüino emperador
92%
Sclateri Pingüino crestudo o de Sclater
58%
Schlegeli Pingüino de cara blanca/Pingüino real
58%
Robustus Pingüino de las Snares
58%
Megadyptes Antipodes Pingüino de ojo amarillo
50%
Eudyptes Chrysocome Pingüino de penacho amarillo
50%
Chrysolophus Pingüino macaroni o de frente amarilla
50%
Patagonicus Pingüino rey
50%
Humboldti Pingüino de Humboldt o peruano
42%
Magellanicus Pingüino de Magallanes o patagónico
42%
Minor Pingüino azul o enano
33%
Antarctica Pingüino barbijo o de cara marcada
33%
Pygoscelis Adeliae Pingüino de Adelia o de ojo blanco
33%
Spheniscus Demersus Pingüino de El Cabo o africano
33%
Mendiculus Pingüino de las Galápagos
33%
Pachyrhychus Pingüino de pico grueso o de Fiordland
33%
Papua Pingüino papúa o juanito
25%
Eudyptula Albosignata Pingüino enano de alas blancas
8%
No se encontraron pruebas coincidentes
Distribución de puntuación
Porcentaje de gente con cada puntuación
Porcentaje por número respondido
Historial de tus puntuaciones
No has intentado esta prueba.